Top 100 Vornamen der 80er Jahre - Statistiken

Allgemein
  • Dieses Quiz wurde 64 mal gespielt
  • Das Durchschnittsergebnis liegt bei 58 aus 100
Antwortstatistiken
Code Vorname % Korrekt
J.n Jan
100%
D.n..l Daniel
94%
St.p..n | St.f.n Stephan | Stefan
94%
St.f..n Steffen
90%
Ch.i.t..n ♂️ Christian
88%
Th.m.s Thomas | Tomas
88%
Al..a.d.r Alexander
85%
A.n Ann
83%
Ma.k | Ma.c Mark | Marc
83%
M.c.a.l Michael
83%
P.t.r Peter
81%
St.p..n.e | St.f.n.e Stephanie | Stefanie
81%
T.m Tim | Timm
79%
An.a Anna
77%
Pa.l Paul
77%
S.b..t..n Sebastian
77%
A.d.e André
75%
A.d..a Andrea
73%
Be.j.m.n Benjamin
73%
Ca.r.n | Ka.r.n Catrin | Katrin | Cathrin | Kathrin
73%
Ma.k.s | Ma.c.s Markus | Marcus
73%
Ma.t.n Martin
73%
Ch.i.t..h | Ch.i.t.f | Kr..t.f Christoph | Christof | Kristof
71%
M.t..i.s Matthias | Mathias
71%
M.x.m.l..n Maximilian
71%
Ph.l.p Philipp | Philip
71%
S.r.h | Sa.a Sarah | Sara
71%
T.b..s Tobias
71%
A.d.e.s Andreas
69%
K.t..r..a | C.t.r..a Katharina | Catarina | Catharina | Katarina
69%
Ol.v.r Oliver
69%
An.e Anne
67%
Ch.i.t.n | K.i.t.n Christin | Kristin
67%
D.n.e.a Daniela
67%
J.l.a ♀️ Julia
67%
K.v.n Kevin
65%
De.n.s Dennis | Denis
63%
Je.n.f.r Jennifer
63%
J.h..n.s Johannes
63%
N.c..e Nicole
63%
Al..a.d.a Alexandra
62%
D.v.d David
62%
F.b..n Fabian
62%
La.s Lars
62%
P.t.i.k Patrick | Patrik
62%
Sv.n | Sw.n Sven | Swen
62%
Ja.a Jana
60%
Ja.m.n | Ya.m.n Jasmin | Yasmin
60%
S.s.n.e Susanne
60%
F.l.x Felix
58%
N.d..e Nadine
58%
R.b..t Robert
58%
Le.a Lena
56%
M.r.a Maria
56%
Ni.a Nina
56%
S.m.n Simon
56%
D.m.n.k | D.m.n.c Dominik | Dominic
54%
Fl.r..n Florian
54%
V.n.s.a Vanessa
54%
Je.s Jens
52%
La.a Lara
52%
S.b.i.a Sabrina
52%
Yv.n.e | Iv.n.e Yvonne | Ivonne
52%
Ch.i.t..e | K.i.t..e Christine | Kristine
50%
J.n.s Jonas
50%
J.l..n Julian
50%
L.u.a Laura
50%
Li.a Lisa
50%
Fr..z.s.a Franziska
48%
M.l.n.e Melanie
48%
Ni.s | N.e.s Nils | Niels
48%
T.n.a Tanja
48%
An.a Anja
46%
Ch.i.t..a | K.i.t..a Christina | Kristina
46%
Ch.i.t.p..r Christopher
46%
J.h.n.a Johanna
46%
Ma.c.l Marcel
46%
M.r.e Marie
46%
Mi.e | Ma.k Mike | Meik | Maik
46%
Je.s..a Jessica | Jessika
44%
M.r.o Marco | Marko
42%
M.r..m Miriam
42%
M.r..z Moritz
42%
Re.e René
42%
K.t.a Katja
40%
Ti.o Timo
40%
S.n.a Sonja
38%
Ke.s..n Kerstin
37%
N.t.l.e Nathalie | Natalie
37%
J.n..a Janina
35%
K.r.l..e | C.r.l..e Karoline | Caroline
33%
Sa.k.a Saskia
31%
Sv.n.a Svenja
31%
Sw.n.a Swenja
31%
B.a..a Bianka | Bianca
27%
S.s..a Sascha
27%
B.ö.n Björn
25%
An..a | An.i.a Anika | Annika | Annica | Anica
21%
M.i.e Maike | Meike
17%
M.r.i.e Mareike
15%
Keine übereinstimmenden Quizze gefunden
Verteilung der Resultate
Anzahl Personen mit jedem Resultat
Perzentil nach korrekt beantworteten Fragen
Ihre Resultats-Entwicklung
Sie haben dieses Quiz noch nicht gespielt